| 000 | 00859nam a2200265 i 4500 | ||
|---|---|---|---|
| 003 | DO-SdBNP | ||
| 005 | 20260213070419.0 | ||
| 007 | ta | ||
| 008 | 210913b2012 ||||| |||| 00| 0 spa d | ||
| 040 |
_aDO-SdBNP _bspa _cBNPHU _erda |
||
| 041 | _aspa | ||
| 082 | 4 |
_axxx _bD217m _222 |
|
| 100 |
_aDargan, Ciro Amaury, _eautor _4aut. _979846 |
||
| 245 | 1 | 0 |
_aMis huellas en el camino de la diplomacia : _bmemorias del embajador / _cCiro Amaury Dargan |
| 250 | _aprimera edición | ||
| 264 | 1 |
_aSanto Domingo : _bMinisterio de Relaciones Exteriores, _c2012. |
|
| 300 |
_a304 páginas : _bilustraciones ; _c24 cm |
||
| 336 |
_atexto _btxt _2rdacontent |
||
| 337 |
_asin mediación _bn _2rdamedia |
||
| 338 |
_avolumen _bnc _2rdacarrier |
||
| 590 | _aInventariado, 2021 / DG | ||
| 700 | 1 |
_aZweig, Stefan, _eprologuista _4pr. _948388 |
|
| 910 | _aD/G | ||
| 942 |
_2ddc _cLBS1 |
||
| 999 |
_c50480 _d50480 |
||